000 00796nam a2200217Ii 4500
003 JO-AjNU
008 230605s9999||||xx |||||||||||||| ||und||
017 _a2013/9/3451
040 _aJO-AjNU
_bara
_erda
_cJO-AjNU
041 _aara
050 1 4 _aDS153.3 2014
100 3 _aتاليف الحجاج، هبة تركي، م. مشارك ابو رحمة، مروان محمد,
_eauthor
_951117
245 0 0 _aتاريخ وآثار الاردن
250 _aط1
264 3 1 _aعمان: مكتبة المجتمع العربي للنشر والتوزيع، 2014
300 _a154ص
_bصور توضيحية
336 _atext
_btxt
_2rdacontent
337 _aunmediated
_bn
_2rdamedia
338 _avolume
_bnc
_2rdacarrier
650 4 _aالمواقع الاثرية-تاريخ الاردن
_951118
999 _aA22559
_c26127
_d26127